Catalog

Record Details

Catalog Search



Problematika kvality života osob se speciálními potřebami  Cover Image Book Book

Problematika kvality života osob se speciálními potřebami / Libuše Ludíková a kolektiv

Record details

  • ISBN: 978-80-244-5270-8
  • Physical Description: 158 stran : ilustrace (převážně barevné), portréty ; 21 cm
  • Edition: 1. vydání
  • Publisher: Olomouc : Univerzita Palackého v Olomouci, 2017

Content descriptions

General Note:
Nad názvem: Univerzita Palackého v Olomouci, Pedagogická fakulta
Bibliography, etc. Note:
Obsahuje bibliografii
Language Note:
České a anglické resumé
Subject: osoby se specifickými potřebami
osoby se zdravotním postižením
kvalita života
profesní uplatnění
speciální pedagogika
speciální vzdělávací potřeby
expresivní terapie
sociálněpedagogický výzkum > Česko
people with special needs
people with disabilities
quality of life
employment
special education
special educational needs
expressive therapy
social educational research > Czechia
Genre: kolektivní monografie
collective monographs

Available copies

  • 1 of 1 copy available at Common Catalog SPOK.

Holds

  • 0 current holds with 1 total copy.
Show Only Available Copies
Location Call Number / Copy Notes Barcode Shelving Location Status Due Date
Jabok Library PeS-5 /L
Pořízeno z projektu Škola jako místo, kde se vzdělává a žije: CZ.07.4.68/0.0/0.0/16_037/0000325
424480040377 Odborná literatura Available -

LDR 02622nam a2200697 i 4500
00130523
003CZ-PrJAB
00520180904143541.0
007ta
008180215s2017 xr ac f 000 0 cze
015 . ‡acnb002980496
020 . ‡a978-80-244-5270-8 ‡q(brožováno)
035 . ‡a(CZ PrNK)nkc20182980496
035 . ‡a(OCoLC)1035444184
040 . ‡aABA001 ‡bcze ‡erda
0410 . ‡acze ‡bcze ‡beng
043 . ‡ae-xr---
072 7. ‡a376 ‡xVýchova a vzdělávání zvláštních skupin osob ‡2Konspekt ‡922
080 . ‡a316.344.6-056.26/.3 ‡2MRF
080 . ‡a316.728-021.465 ‡2MRF
080 . ‡a331.53 ‡2MRF
080 . ‡a376 ‡2MRF
080 . ‡a37.04 ‡2MRF
080 . ‡a615.851:7/8 ‡2MRF
080 . ‡a37.013.42:001.891 ‡2MRF
080 . ‡a(437.3) ‡2MRF
080 . ‡a(048.8:082) ‡2MRF
1001 . ‡aLudíková, Libuše, ‡d1957- ‡7ola2002142276 ‡4aut
24510. ‡aProblematika kvality života osob se speciálními potřebami / ‡cLibuše Ludíková a kolektiv
250 . ‡a1. vydání
264 1. ‡aOlomouc : ‡bUniverzita Palackého v Olomouci, ‡c2017
300 . ‡a158 stran : ‡bilustrace (převážně barevné), portréty ; ‡c21 cm
336 . ‡atext ‡btxt ‡2rdacontent
337 . ‡abez média ‡bn ‡2rdamedia
338 . ‡asvazek ‡bnc ‡2rdacarrier
4901 . ‡aMonografie
500 . ‡aNad názvem: Univerzita Palackého v Olomouci, Pedagogická fakulta
504 . ‡aObsahuje bibliografii
546 . ‡aČeské a anglické resumé
65007. ‡aosoby se specifickými potřebami ‡7ph807212 ‡2czenas
65007. ‡aosoby se zdravotním postižením ‡7ph127575 ‡2czenas
65007. ‡akvalita života ‡7ph198739 ‡2czenas
65007. ‡aprofesní uplatnění ‡7ph134653 ‡2czenas
65007. ‡aspeciální pedagogika ‡7ph116230 ‡2czenas
65007. ‡aspeciální vzdělávací potřeby ‡7ph754025 ‡2czenas
65007. ‡aexpresivní terapie ‡7ph849189 ‡2czenas
65007. ‡asociálněpedagogický výzkum ‡7ph659002 ‡zČesko ‡2czenas
65009. ‡apeople with special needs ‡2eczenas
65009. ‡apeople with disabilities ‡2eczenas
65009. ‡aquality of life ‡2eczenas
65009. ‡aemployment ‡2eczenas
65009. ‡aspecial education ‡2eczenas
65009. ‡aspecial educational needs ‡2eczenas
65009. ‡aexpressive therapy ‡2eczenas
65009. ‡asocial educational research ‡zCzechia ‡2eczenas
655 7. ‡akolektivní monografie ‡7fd501537 ‡2czenas
655 9. ‡acollective monographs ‡2eczenas
7102 . ‡aUniverzita Palackého. ‡bPedagogická fakulta ‡7kn20010709375 ‡4pbl
8102 . ‡aUniverzita Palackého. ‡tMonografie
910 . ‡aABG312
901 . ‡a30523 ‡b ‡c30523 ‡tbiblio

Additional Resources